Les cent personnalités les plus influentes de l'histoire - Statistiques

Statistiques générales
  • Ce quiz a été pris 5 458 fois
  • Le résultat moyen est 32 sur 100
Statistiques - réponses
Rang Indice Noms % Correct
3 Christianisme Jésus
95%
10 E=mc2 Albert Einstein
90%
1 Islam Mohammad
87%
39  Führer Adolf Hitler
86%
11  Vaccin contre la rage Louis Pasteur
83%
9 Explorateur Christophe Colomb
81%
2 Gravitation Isaac Newton
80%
67  Guerre des Gaules Jules César
78%
26  1er président des US George Washington
76%
8 Imprimerie Johannes Gutenberg
73%
66  Petit Père du Peuple Joseph Staline
71%
34  Conquérant corse Napoléon Bonaparte
68%
84  Premier chef d'état bolchevik Vladimir Ilitch Lénine
68%
16  Evolution Charles Darwin
66%
50  Chapelle Sixtine Michel-Ange
66%
31  To be or not to be William Shakespeare
64%
12  Astronome Galilée
63%
27  Manifeste du part communiste Karl Marx
63%
25  Réformiste protestant Martin Luther
63%
69  Psychanalyse Sigmund Freud
63%
33  Conquérant macédonien Alexandre le Grand
62%
40  Disciple de Socrate Platon
61%
74  Pas si candide Voltaire
59%
89  Le grand bond en avant Mao Zedong
57%
5 Phlisophe chinois Confucius
55%
4 Siddahartha Gautama Bouddha
54%
98  Illiade Homère
54%
29  Empire Mongol Genghis Khan
53%
6 Apôtre chrétien Paul de Tarse
51%
88  De Tsar à empereur, réforme la Russie Pierre Ier de Russie
51%
91  Modèle de la ligne d'assemblage de voitures Henry Ford
49%
81  N'était pas "berliner" malgré ses dires John Fitzgerald Kennedy
49%
49  Cogito ergo sum René Descartes
49%
97  1er grand monarque Franc Charlemagne
47%
15  Mer Rouge Moïse
47%
19  La terre tourne Nicolas Copernic
46%
78  L'homme est bon par nature Jean-Jacques Rousseau
44%
13  L'Homme est un animal politique Aristote
42%
68  Duc de Normandie Roi d'Angleterre Guillaume le Conquérant
36%
79  Théoricien de la ruse pour "Prince" Nicolas Machiavel
35%
35  General Electric Thomas Edison
35%
57  Réforme protestante Jean Calvin
34%
18  Pax Romana Auguste César
31%
95  Perestroïka et Glasnost Mikhaïl Gorbatchev
30%
94  Fille d'Henry VIII Élisabeth Ire d'Angleterre
29%
42  Téléphone Alexandre Graham Bell
28%
86  Navigateur cap de Bonne Espérance Vasco de Gama
28%
63  Conquistador de l'Empire Aztèque Hernan Cortés
27%
45  Symphonie pastorale Ludwig van Beethoven
26%
43  Pénicilline Alexander Fleming
25%
20  Fondateur de la chimie Antoine Laurent Lavoisier
24%
51  Pape initiateur des croisades Urbain II
24%
22  Machine à vapeur James Watt
23%
73  Taoïsme Lao Tseu
23%
64  Déclaration d'Indépendance des US Thomas Jefferson
23%
30  Libéralisme Adam Smith
22%
21  Edit de Milan Constantin
21%
48  Emancipation latino américaine Simón Bolívar
21%
28  Pionniers de l'aviation Orville et Wilbur Wright
19%
72  Grand maître de la fugue Johann Sebastian Bach
17%
62  Conquérant de l'Empire Inca Francisco Pizarro
15%
14  Les éléments mathématiques Euclide
14%
58  Génétique Gregor Mendel
14%
75  Trajectoire elliptique des planètes Johannes Kepler
13%
99  Empereur byzantin Justinien
13%
54  Les Confessions Saint-Augustin
12%
65  Mecène de CC et inquisitrice Isabelle Ire de Castille
9%
24  1ère photo couleur James Clerk Maxwell
7%
44  Lettre sur la tolérance John Locke
7%
47  Photographie (avec Niepce) Louis Daguerre
7%
83  Manichéisme Mani
7%
59  Théorie des quanta Max Planck
7%
17  Grande muraille Qin Shi Huang
7%
32  Vert vs Rouge John Dalton
6%
23  Electromagnétisme Michael Faraday
6%
38  Télégraphie sans fil Guglielmo Marconi
5%
52  Calife du VIIe siècle Omar ibn al-Khattâb
5%
93  A inspiré Nietsche Zoroastre
5%
7 Inventeur du papier Cài Lún
4%
87  Conquérant perse - araméen Cyrus le Grand
4%
70  Vaccin contre la variole Edward Jenner
4%
77  Thérie des graphes Leonhard Euler
4%
41  Commonwealth Oliver Cromwell
4%
71  Rayon X Wilhelm Röntgen
4%
56  Atome et transmutation artificielle Ernest Rutherford
3%
90  Théorie empiriste de la connaissance Francis Bacon
3%
96  Pharaon unificateur de l'Egypte Ménès
3%
61  Moteur à 4 temps Nikolaus Otto
3%
80  Economiste conservateur Thomas Malthus
3%
46  Mécanique quantique Werner Heisenberg
3%
76  Isotopes radioactifs par neutrons lents Enrico Fermi
2%
82  Pilule contraceptive Gregory Pincus
2%
85  Empereur chinois restaurateur Sui Wendi
2%
36  Microbiologie Antoni van Leeuwenhoek
1%
53  Diffuse le boudhisme en Asie Ashoka
1%
60  Antiseptie Joseph Lister
1%
100  Jaïnisme Mahāvīra
1%
92  Néo-confucianiste Mencius
1%
55  Omne vivum ex ovo William Harvey
1%
37  Anesthésie William Thomas Green Morton
1%
Aucun quiz correspondant
Distribution des résultats
% des personnes avec chaque résultat
Percentile par nombre de réponses
Votre historique - résultats
Vous n’avez pas pris ce quiz